00610nam a2200181 a 450000100100000000500170001000800410002702000130006804000250008108200210010610000210012724500640014826000400021230000210025249000410027350400730031483000410038700004342820201002040914.0140314s1974 sp 000 0 spa d z32301604 aDO-SdBNPbspacBNPHU axxxxxxxbxxxxxxx1 aBalcells, Albert10aCataluña Contemporanea II (1900-1936) /cAlbert Balcells. aEspaña :bSiglo veintiuno,c1974. a165 p. ;c18 cm.1 aEstudios de historia contemporánea aIncluye referencias bibliográficas y notas al pie de las páginas 0aEstudios de historia contemporánea